| 000 | 00460nam a2200193Ia 4500 | ||
|---|---|---|---|
| 005 | 20240823014243.0 | ||
| 008 | 240823s9999||||xx |||||||||||||| ||und|| | ||
| 020 | _a81-7409-136-X | ||
| 041 | _aENGLISH | ||
| 082 | _A621.564 P2 | ||
| 100 | _aBallaney P L | ||
| 245 | 0 | _aRefrigeration and Airconditioning | |
| 250 | _a13th | ||
| 260 |
_c2003 _b"Khanna," |
||
| 500 | _aTRANSFERED | ||
| 650 |
_aAir Condition _bMechanical |
||
| 942 | _cBK | ||
| 999 |
_c169557 _d169557 |
||